| 000 | 00490nam a2200181Ia 4500 | ||
|---|---|---|---|
| 005 | 20250508163320.0 | ||
| 008 | 008 250505s9999 xx 000 0 eng d | ||
| 037 | _aTextual | ||
| 040 |
_aFEDL _beng _cFEDL |
||
| 041 |
_aeng _2eng |
||
| 084 |
_a954, PAR _qFEDL |
||
| 100 | _aParkhurst C A | ||
| 245 | 0 | _aIndia: Then and now | |
| 260 |
_aCalcutta, India _bMacmillan and Company Limited _c1947 |
||
| 300 | _aix,174p | ||
| 942 |
_cTEXL _h954, PAR |
||
| 999 |
_c1382271 _d1382271 |
||